Central Library OPAC University of Rajshahi

Greek geometric pottery : (Record no. 17412)

MARC details
000 -LEADER
fixed length control field 00995nam a22002891 4500
001 - CONTROL NUMBER
control field 17412
003 - CONTROL NUMBER IDENTIFIER
rucl marc code BD-RjUL
005 - DATE AND TIME OF LATEST TRANSACTION
control field 20211209000132.0
008 - FIXED-LENGTH DATA ELEMENTS--GENERAL INFORMATION
fixed length control field 140217s1968 enkabf bc 001 0 eng
035 ## - SYSTEM CONTROL NUMBER
System control number (BD-RjUL)17470
040 ## - CATALOGING SOURCE
Original cataloging agency DLC
Transcribing agency DLC
Modifying agency DLC
-- BD-RjUL
Language of cataloging eng
041 ## - LANGUAGE CODE
Language code of text/sound track or separate title eng
082 00 - DEWEY DECIMAL CLASSIFICATION NUMBER
Classification number 738.30938
Author mark and year COG 1968
100 1# - MAIN ENTRY--PERSONAL NAME
Personal name Coldstream, J. N.
Fuller form of name (John Nicolas),
Dates associated with a name 1927-2008.
9 (RLIN) 53659
245 10 - TITLE STATEMENT
Title Greek geometric pottery :
Remainder of title a survey of ten local styles and their chronology /
Statement of responsibility, etc. J. N. Coldstream.
260 ## - PUBLICATION, DISTRIBUTION, ETC. (IMPRINT)
Place of publication, distribution, etc. London :
Name of publisher, distributor, etc. Methuen,
Date of publication, distribution, etc. c1968.
300 ## - PHYSICAL DESCRIPTION
Pagination xxxix, 465 p. :
Illustrations 64 plates, illus., 2 maps (fold. in pocket, 1 col.). ;
Size 29 cm.
350 ## - PRICE (NR) (BK AM CF MU VM SE) [OBSOLETE]
Price 12/12/-
490 0# - SERIES STATEMENT
Series statement Methuen's handbooks of archaeology
504 ## - BIBLIOGRAPHY, ETC. NOTE
Bibliography, etc Bibliography: p. 391-394. and index.
650 #0 - SUBJECT ADDED ENTRY--TOPICAL TERM
Topical term or geographic name as entry element Pottery, Greek
Form subdivision Catalogs.
9 (RLIN) 53660
Topical term or geographic name as entry element Vases, Geometric
Geographic subdivision Greece
Form subdivision Catalogs.
9 (RLIN) 53661
651 #0 - SUBJECT ADDED ENTRY--GEOGRAPHIC NAME
Geographic name Greece
General subdivision Antiquities
Form subdivision Catalogs.
9 (RLIN) 53662
942 ## - ADDED ENTRY ELEMENTS (KOHA)
Source of classification or shelving scheme Dewey Decimal Classification
Koha item type Books
Holdings
Lost status Source of classification or shelving scheme Damaged status Not for loan Collection code Permanent Location Current Location Shelving location Date acquired Source of acquisition Cost, normal purchase price Total Checkouts Full call number Date last seen Copy number Koha item type
  Dewey Decimal Classification   Not For Loan Non-fiction Central Library, University of Rajshahi Central Library, University of Rajshahi Reading Room 20/06/1973 Mitali Pro. 302.50   738.30938 COG 1968 17/02/2014 C-1 Books